| 000 | 00668nam a2200241 a 4500 | ||
|---|---|---|---|
| 999 |
_c12421 _d12421 |
||
| 001 | 12421 | ||
| 003 | BD-JhCC | ||
| 005 | 20220214093030.0 | ||
| 008 | 220214b2013 enk |||| ||a| 001 0 eng d | ||
| 020 | _a9781565645608 | ||
| 035 | _a(BD-JhCC)12421 | ||
| 040 |
_aBD-JhCC _dBD-JhCC |
||
| 041 | _aenglish | ||
| 082 |
_a297.5 _bISL 2013 |
||
| 100 | _aIslam, Sharmin | ||
| 245 |
_aEthics Of Assisted Reproductive Medicine / _cSharmin Islam. |
||
| 260 |
_aLondon : _bThe International Institute of Islamic Thought; _c2013. |
||
| 300 |
_a219 p. : _c23 cm. |
||
| 650 | _aBioethics (Islam) | ||
| 650 | _aHuman Reproductive Technology | ||
| 942 |
_2ddc _cBK |
||